[Event "Bundesliga 9293"]
[Site "Germany"]
[Date "1993.??.??"]
[Round "?.1"]
[White "Bangiev, Alexander J"]
[Black "Sax, Gyula"]
[Result "0-1"]
[WhiteElo "2395"]
[BlackElo "2570"]
[Annotator "Bangiev,A"]
[PlyCount "90"]
[EventDate "1992.10.24"]
[EventType "team-tourn"]
[EventRounds "15"]
[EventCountry "GER"]
[SourceTitle "CBM 038"]
[Source "ChessBase"]
[SourceDate "1994.02.01"]
[SourceVersion "1"]
[SourceVersionDate "1994.02.01"]
[SourceQuality "1"]
[WhiteTeam "Bielefeld"]
[BlackTeam "Stadthagen"]
[WhiteTeamCountry "GER"]
[BlackTeamCountry "GER"]

1. d4 Nf6 2. c4 e6 3. Nc3 Bb4 4. Bg5 h6 5. Bh4 c5 6. d5 d6 7. e3 Bxc3+ 8. bxc3
e5 9. Bd3 e4 10. Bc2 Nbd7 11. Ne2 Qe7 12. Qb1 O-O 13. a4 Ne5 $5 14. Bxf6 (14.
Bxe4 g5 (14... Nxc4 15. Bd3 Ne5 16. c4 $14) 15. Bg3 Nxe4 (15... Nxc4 16. Bd3
$14) 16. Qxe4 f5 17. Qb1 f4 18. exf4 Bf5 $1 (18... gxf4 {Bangiev-Dobosz/Worms
SS/1992/}) 19. Qa2 (19. Qd1 gxf4 20. Bxf4 Nd3+ 21. Kd2 Qe4 $13) 19... gxf4 20.
Bxf4 Nd3+ (20... Bd3 $5 21. Be3 Bxc4 22. Qd2 $13) 21. Kd2 Rae8 (21... Nxf4 22.
Nxf4 Qe4 23. g3 $14) 22. Rae1 $13) 14... Qxf6 15. Bxe4 Nxc4 16. Qa2 $6 (16. Bd3
Ne5 17. O-O $13) 16... Ne5 17. O-O b6 $1 $15 18. Rad1 $6 (18. c4 Ba6 19. Rac1
Qh4 20. Nf4 $5 (20. f3 f5 $17) (20. Ng3 Ng4 21. h3 Nxe3 $17) 20... g5 21. g3
Qg4 22. f3 Qd7 23. Ng2 f5 24. Bb1 Rae8 $15) 18... Qh4 $1 19. f3 $8 (19. Ng3 Ng4
$17) (19. Bb1 Ba6 $17) 19... Ba6 20. Rfe1 Bc4 21. Qb1 Rab8 22. Ng3 g6 23. Bc2
f5 24. Ne2 $2 (24. Qc1 a6 25. Qd2 b5 26. axb5 axb5 27. Rb1 Rb7 28. Rb2 Rfb8 29.
Reb1 $15) 24... Bxe2 25. Rxe2 Qc4 $17 26. Bd3 $6 (26. Qb5 $5 Qxc3 27. f4 Nf7 (
27... Nc4 $2 28. Rd3 Qa1+ 29. Rd1 Qc3 30. Rd3 $10) (27... Ng4 28. Qd7 $5) 28.
Qd7 a6 29. e4 $5) 26... Qxc3 27. Rc2 Qa3 28. Ra2 Qb4 29. Qxb4 cxb4 30. Ba6 Nd7
31. Rd4 $6 (31. Rb2 Nc5 32. Bb5 a5 33. Rd4) 31... Nc5 32. Bb5 a6 33. Bc6 b3 34.
Rb2 b5 35. axb5 $6 (35. a5 $5) 35... a5 $1 36. Rb1 Rf7 37. e4 $6 (37. Kf2 a4
38. Rb4 Rb6 39. Ke2 Ra7 40. Kd2 a3 $17) 37... fxe4 38. fxe4 a4 39. Rb4 a3 40.
b6 a2 41. Ra1 Rbf8 $1 $19 42. Bb5 (42. b7 Rf1+ $1) 42... Rf4 43. Bc4 Rxe4 44.
Rxb3 Nxb3 45. Bxb3 Rb4 0-1

[Event "IND-ch"]
[Site "Mumbai"]
[Date "2003.01.22"]
[Round "8"]
[White "Sasikiran, Krishnan"]
[Black "Venkatesh, Marani Rajendran"]
[Result "1-0"]
[WhiteElo "2664"]
[BlackElo "2399"]
[Annotator "Bangiev,A"]
[PlyCount "93"]
[EventDate "2003.01.18"]
[EventType "tourn"]
[EventRounds "21"]
[EventCountry "IND"]
[EventCategory "8"]
[SourceTitle "CBM 094"]
[Source "ChessBase"]
[SourceDate "2003.05.26"]
[SourceVersion "1"]
[SourceVersionDate "2003.05.26"]
[SourceQuality "1"]

1. d4 Nf6 2. c4 e6 3. Nc3 Bb4 4. Bg5 c5 5. d5 d6 6. e3 h6 7. Bh4 Bxc3+ 8. bxc3
e5 9. Qc2 {Die weiße Hauptvariante. Weiß möchte Bf5 verhindern.} Nbd7 10. Nf3
Qe7 11. Nd2 Kd8 12. Bd3 {Eine logische Aktion. Die letzten weißen Züge sollen
die Kontrolle über das Feld e4 und damit gute Aussichten auf der Diagonale
b1-h7 gewährleisten.} Re8 13. f3 Kc7 {Die Überführung des Königs nach c7 ist
gut bekannt. Angesichts des drohenden Angriffs am Königsflügel möchte Schwarz
den eigenen König am Damenflügel sichern.} 14. Rb1 Nb6 15. e4 {/\Bf2. Weiß
muss nun seine Aktivität umdrehen, nämlich am Damenflügel aktiv werden.} g5 16.
Bf2 {Durch Nb6 hat Schwarz den Pc5 geschwächt. Weiß bereitet Angriff auf die
schwarzen Felder vor. Man beachte: die schwarzen Figuren verteidigen die
weißen Felder.} Nh5 17. Nf1 Nf4 18. Ne3 Nxd3+ $6 {Schwarz ist im Moment
offenbar nicht in der Lager die weißen Felder anzugreifen, also es machte
wenig Sinn den Läufer d3 zu tauschen.} 19. Qxd3 f5 {Dieser Versucht ist
schlecht vorbereitet, stellt also eine Einzelaktion dar.} 20. g4 $1 (20. exf5
e4 21. fxe4 Qxe4 22. Qxe4 Rxe4 23. O-O Bd7 $132) 20... f4 21. Nf5 Bxf5 22. gxf5
{Dieser Abtausch hat zur Folge, dass nun der Pb7 schwach geworden ist. Dieses
Motiv stellt allerdings eine der typischen weißen Ideen in derartigen
Positionen dar.} Rg8 23. h3 h5 24. Ke2 Rg7 (24... g4 $5) 25. Rb5 {Weiß
bereitet den Angriff auf den Bauern b7 vor.} Rag8 {Schwarz schreitet dagegen
zum Angriff auf der g-Linie.} 26. Qb1 {Dies Umgruppierung scheint mir zu
langsam zu sein.} (26. a4 $5 {Dieser Angriff machte einen logischen Eindruck.
Weiß sollte möglichst schnell an den b7 stoßen.} Kb8 $1 (26... Nxa4 $6 27. Ra1
Nb6 (27... a6 28. Rb3 Nb6 29. Qb1) 28. Rxa7) (26... g4 $5 27. a5 Nd7 (27...
gxf3+ 28. Kd2 Nd7 29. Rhb1 Rb8 30. Qxf3 $14) 28. Rhb1 Rb8 29. hxg4 hxg4 30.
fxg4 Rxg4 31. Qh3 $36) 27. a5 Nc8 28. Rhb1 a6 29. R5b2 $13) 26... Kb8 $1 {
So einfach hat Schwarz den Pb7 verteidigt.} 27. Kd3 g4 $1 28. hxg4 hxg4 29. Rh6
Rh7 $17 30. Re6 {Hier und weiter ein verzweifelter Versuch sich Königsangriff
zu verschaffen. Weiß hat schon nur noch taktische Chancen.} (30. Rxh7 Qxh7 31.
Rxb6 axb6 32. Qxb6 Qc7 $17) 30... Qd8 31. f6 $6 Rh3 32. Ke2 g3 (32... Rh2 $1
33. f7 gxf3+ 34. Kd3 (34. Kxf3 Rxf2+ 35. Kxf2 Qh4+ {Matt in 2}) 34... Rf8 $17)
33. Bg1 Rf8 34. a4 Rh7 35. a5 Na8 36. a6 b6 37. Rxc5 $6 dxc5 38. Bxc5 Rxf6 39.
Bd6+ Qxd6 (39... Nc7 40. Rxf6 Qxf6 41. c5 Kc8 $19) 40. Rxd6 Rxd6 41. c5 Rg6 42.
d6 g2 43. Qb5 Rg8 44. cxb6 Nxb6 (44... g1=Q $19) 45. Qxe5 g1=Q $4 {[%mdl 8192]
Unglaublich. Nun wird Schwarz Matt.} (45... Rd7 $19) 46. d7+ Ka8 47. Qe8+ 1-0

[Event "Rakvere Keres Memorial"]
[Site "Rakvere"]
[Date "1993.??.??"]
[Round "6"]
[White "Yermolinsky, Alex"]
[Black "Wojtkiewicz, Aleksander"]
[Result "1-0"]
[WhiteElo "2605"]
[BlackElo "2570"]
[Annotator "Belov,I"]
[PlyCount "81"]
[EventDate "1993.09.??"]
[EventType "tourn"]
[EventRounds "10"]
[EventCountry "EST"]
[EventCategory "15"]
[SourceTitle "CBM 038"]
[Source "ChessBase"]
[SourceDate "1994.02.01"]
[SourceVersion "1"]
[SourceVersionDate "1994.02.01"]
[SourceQuality "1"]

1. d4 Nf6 2. c4 e6 3. Nc3 Bb4 4. Bg5 h6 5. Bh4 c5 6. d5 Bxc3+ 7. bxc3 d6 8. e3
e5 9. f3 Nbd7 (9... g5 10. Bg3 e4 11. h4 g4 12. h5 exf3 13. gxf3 Qe7 14. Bh4
$16 {Rogozenko,D-Sax,G /Odorheu/1993/}) (9... Qe7 10. e4 Nbd7 11. Ne2 Nf8 12.
Bf2 Ng6 13. Ng3 Nf4 14. Be3 Nh7 15. h4 Nf8 $14 {Donner,J-Portish,L /Madrid/
1960/}) (9... e4 10. f4 Rg8 11. Qc2 g5 12. Bg3 Bf5 13. Rb1 b6 14. fxg5 hxg5 15.
Qf2 Bg6 16. Be2 Qe7 17. h4 $14 {Bagirov,V-Veingold,V /Tallinn/1981/}) (9... O-O
10. Bd3 Qe7 11. Ne2 Re8 12. Bc2 Nbd7 13. h3 Nb6 14. Bb3 g5 15. Bf2 Nh7 16. h4
g4 17. Ng3 f5 18. fxg4 fxg4 19. e4 $14 {Timman,J-Kuijper,S /NLD/1976/}) 10. Bd3
Qe7 (10... Nf8 11. Qc2 Kd7 $5 12. Ne2 Kc7 $13 {Ree,H-Olafsson,F /Amsterdam/
1976/}) (10... g5 11. Bg3 Qe7 12. Ne2 Rg8 13. Qc2 h5 14. h4 g4 15. Rb1 Kd8 16.
a4 Kc7 $10 {Timman,J-Polugaevsky,L /Linares/1985 Inf 39/689/}) 11. Qb1 $5 $146
(11. Qc2) 11... g5 12. Bg3 Rg8 (12... Kd8 13. h4 g4 14. h5 $14) 13. Ne2 Kd8 14.
O-O Kc7 $10 15. Bf2 (15. e4 $6 h5 16. Bf2 h4 17. h3 Nh5 $15) 15... Nf8 16. Ng3
Ng6 17. a4 $1 h5 (17... Nh4 $5 18. Ra2 Ne8 19. Nh5 Ng7 $10) 18. Ra2 h4 19. Nf5
Qf8 20. Rb2 Rb8 21. a5 $14 Ne7 22. e4 $5 (22. Nxe7 Qxe7 $10) 22... Nxf5 23.
exf5 Nh5 24. Be4 Nf6 25. Bc2 Bd7 26. h3 Qc8 $6 (26... Ne8 $5) 27. Re1 $1 Ne8
28. Rxe5 $1 dxe5 29. Bxc5 $44 Ra8 (29... Kd8 30. Bxa7 Ra8 31. Rxb7 Nd6 32. Qb6+
$18) (29... b6 30. axb6+ axb6 31. Rxb6 Ra8 32. Qb4 $16) 30. Bf2 Nd6 $6 (30...
Nf6 $5 31. Be4 Nxe4 32. fxe4 f6 33. c5 Be8 $13) 31. c5 Nc4 (31... Nxf5 32. a6
Rb8 (32... bxa6 33. c6) 33. d6+ Kd8 34. Rxb7 Rxb7 35. axb7 $16) (31... Nb5 32.
Rxb5 Bxb5 33. Qxb5 Qd7 34. Qb3 Rad8 35. Be4 $16) 32. Ra2 $1 $16 a6 33. Bd3 Bb5
34. Qb4 e4 35. Bxc4 Qxf5 36. c6 $1 bxc6 37. Qe7+ Qd7 (37... Kb8 38. dxc6 Bxc6 (
38... Qc8 39. Bxf7 Rf8 40. Bc5 $18) 39. Rb2+ Kc8 40. Bxf7 $18) 38. d6+ Kc8 39.
Bxf7 $18 Qxe7 40. dxe7 Kd7 41. c4 $1 (41. c4 Bxc4 42. Bxc4 Rh8 43. fxe4 $18)
1-0

[Event "Hoogovens"]
[Site "Wijk aan Zee"]
[Date "1977.01.15"]
[Round "2"]
[White "Timman, Jan H"]
[Black "Sosonko, Gennadi"]
[Result "1/2-1/2"]
[WhiteElo "2590"]
[BlackElo "2530"]
[Annotator "Bulletin"]
[PlyCount "44"]
[EventDate "1977.01.14"]
[EventType "tourn"]
[EventRounds "11"]
[EventCountry "NED"]
[EventCategory "11"]
[SourceTitle "MCL"]
[Source "ChessBase"]
[SourceDate "1999.07.01"]
[SourceVersion "1"]
[SourceVersionDate "1999.07.01"]
[SourceQuality "1"]

1. d4 Nf6 2. c4 e6 3. Nc3 Bb4 4. Bg5 h6 5. Bh4 c5 6. d5 d6 7. e3 Bxc3+ 8. bxc3
e5 9. f3 Qa5 10. Qc2 Nbd7 11. Rb1 $1 a6 12. a4 $1 g5 (12... Nb6 13. Bxf6 gxf6
14. Bd3) 13. Bg3 Nb6 14. Bd3 Nxa4 15. Ne2 b5 16. O-O Bd7 17. f4 Ng4 18. Qd2
gxf4 19. exf4 e4 $1 20. Bxe4 f5 21. Bd3 (21. Bc2 O-O 22. Bh4 Rae8 23. Rf3 $1
Nf6 24. Ng3) 21... O-O 22. Bh4 Rae8 1/2-1/2

[Event "Hoogovens"]
[Site "Wijk aan Zee"]
[Date "1994.01.??"]
[Round "7"]
[White "Sokolov, Ivan"]
[Black "Morovic Fernandez, Ivan"]
[Result "0-1"]
[WhiteElo "2650"]
[BlackElo "2605"]
[Annotator "Dautov,R"]
[PlyCount "60"]
[EventDate "1994.01.21"]
[EventType "tourn"]
[EventRounds "9"]
[EventCountry "NED"]
[EventCategory "14"]
[SourceTitle "CBM 040"]
[Source "ChessBase"]
[SourceDate "1994.06.01"]
[SourceVersion "1"]
[SourceVersionDate "1994.06.01"]
[SourceQuality "1"]

1. d4 Nf6 2. c4 e6 3. Nc3 Bb4 4. Bg5 c5 5. d5 h6 6. Bh4 Bxc3+ 7. bxc3 d6 8. e3
e5 9. f3 Nbd7 10. Bd3 Qe7 11. Ne2 e4 (11... g5 12. Bg3 Rg8 13. Qc2 h5 14. h4 g4
15. Rb1 Kd8 $13) 12. Bxe4 g5 13. Bg3 Nxe4 14. fxe4 Nf6 15. e5 dxe5 16. Nc1 $6 (
16. Qc2 {>=} Bg4 (16... h5 $5) 17. O-O O-O-O 18. Rab1 Ne8 19. Nc1 Nd6 20. Qa4
Kb8 21. Nd3 f6 22. Nxc5 $16 {Yrjola-Schuessler/Gjovik/1985}) 16... Ne4 17. Nd3
$2 {N} (17. Qf3 Nxg3 (17... Nd6 $5 18. Nd3 e4 19. Bxd6 exf3 20. Bxe7 fxg2 21.
Rg1 Kxe7 $13) 18. Qxg3 f5 19. O-O e4 20. a4 a5 21. Rb1 Ra6 22. Rxb7 $1 Bxb7 23.
Qb8+ Qd8 24. Qxb7 Rf6 25. Qb5+ Kf7 26. Qxc5 Qd6 27. Qd4 Rc8 28. Nb3 $16 {
Timman-Hulak/Zagreb/Rijeka/1985}) 17... Nxg3 18. hxg3 e4 19. Nf2 (19. Nc1 Qe5
20. Ne2 Bg4 $17) 19... Qe5 20. Qc2 Bf5 21. g4 Bg6 22. O-O-O $6 (22. Rb1 b6 23.
Rh3 Kf8 $15) 22... Rd8 23. Rh3 Kf8 24. Rdh1 (24. Nh1 {/\Ng3} f5 $1 25. gxf5
Bxf5 26. Rf1 Kg7 27. Rh5 Bg4 $19) 24... Kg7 $17 {><c3,c4,Nf2} 25. g3 (25. a4 b6
{/\a6,b5->}) 25... b5 $1 26. cxb5 Rxd5 27. Nd1 (27. c4 $2 Qa1+ 28. Qb1 Qc3+ 29.
Qc2 Qxe3+ $19) (27. a4 c4 (27... a6 $5 $17) 28. Rd1 Rxd1+ 29. Nxd1 Rd8 $17 {
/\a6}) 27... Rd3 $19 28. Kb1 c4 29. Nb2 (29. a4 a6 $19) 29... Rxe3 30. Qh2 Qxc3
0-1

[Event "Novgorod"]
[Site "Novgorod"]
[Date "1995.06.03"]
[Round "7"]
[White "Jussupow, Artur"]
[Black "Short, Nigel D"]
[Result "0-1"]
[WhiteElo "2660"]
[BlackElo "2655"]
[Annotator "Dolmatov,S"]
[PlyCount "120"]
[EventDate "1995.05.??"]
[EventType "tourn"]
[EventRounds "9"]
[EventCountry "RUS"]
[EventCategory "17"]
[SourceTitle "CBM 048"]
[Source "ChessBase"]
[SourceDate "1995.10.01"]
[SourceVersion "1"]
[SourceVersionDate "1995.10.01"]
[SourceQuality "1"]

1. d4 Nf6 2. c4 e6 3. Nc3 Bb4 4. Bg5 c5 5. d5 d6 6. e3 h6 7. Bh4 Bxc3+ 8. bxc3
e5 9. Qc2 Qe7 (9... Nbd7 10. Bd3 Qe7 11. f3 g5 12. Bg3 b5 13. cxb5 Nxd5 14. Bf2
$10 {Bagirov,V-Speelman,J/Baku/1983/}) 10. Nf3 Kd8 (10... g5 $5 11. Bg3 e4 12.
Nd2 Bg4 {Schwarz/}) (10... Nbd7 11. Nd2 e4 12. Be2 g5 13. Bg3 Nf8 14. h4 Rg8
15. Rb1 Kd8 $5 {Rubinetti,A-Polugaevsky,L/Mar del Plata/1972/}) 11. Nd2 Kc7 12.
Bd3 (12. f3 g5 13. Bg3 e4 14. fxe4 Nbd7) 12... g5 13. Bg3 Nh5 14. O-O-O Nd7 15.
Rde1 Ndf6 16. f3 (16. f4 $6 Nxg3 17. hxg3 Bd7 $132) 16... Nxg3 17. hxg3 Bd7 18.
Rh2 $2 (18. g4 h5 19. gxh5 Nxh5 20. g4 $10) (18. Kb1 h5 19. Ka1 g4) 18... h5
19. Kb1 g4 20. Ka1 $2 (20. Rhh1 $32) 20... Rhg8 21. f4 h4 $1 22. Rxh4 (22. fxe5
Qxe5 23. Rxh4 Qxg3 $17) (22. gxh4 exf4 $17) 22... exf4 23. gxf4 Nxd5 24. Rhh1
Nb6 25. e4 Rh8 26. Rhf1 Rh2 27. Nb3 $2 (27. Rf2) (27. Rg1 $5 Rh6 28. Nf1 f5 29.
Ng3) 27... Rah8 28. e5 Bc6 29. Be4 Nxc4 30. Bxc6 bxc6 31. exd6+ Qxd6 32. Qf5 (
32. Rd1 $2 Ne3 $19) 32... Qd5 33. Re7+ Kb6 34. Qxd5 cxd5 $17 35. Rxf7 Rh1 $1 (
35... Rxg2 36. Rf6+ Kc7 (36... Kb5 $2 37. Rb1) 37. Nxc5 Rhh2 38. Ra6) 36. Rb1
Rxb1+ 37. Kxb1 Rh1+ 38. Kc2 Rh2 39. Rf6+ Kc7 (39... Kb5 40. a4+ Kxa4 41. Nxc5+
Kb5 $17) 40. Nxc5 Rxg2+ 41. Kd1 g3 42. Rg6 Rd2+ 43. Ke1 g2 44. Ne6+ (44. f5
Rxa2 45. f6 Ne5 $19) 44... Kd7 45. Nd4 Rxa2 46. Ne2 a5 (46... Ne3 47. Kf2) 47.
Rxg2 a4 48. Rg7+ Kd6 49. Rg6+ Ke7 50. Ra6 a3 51. Nd4 Rb2 52. Nc6+ Kf7 53. Nb4
d4 54. Rc6 Nd2 (54... dxc3 $4 55. Rxc4 Rb1+ 56. Ke2 $10) 55. Ra6 (55. cxd4 Nf3+
56. Kd1 Rxb4) 55... Nb1 56. Nd5 Nxc3 57. Ra7+ (57. Nxc3 dxc3 58. Rxa3 Rb1+ 59.
Ke2 c2 $19) 57... Ke6 58. Nc7+ Kd6 59. Ne8+ Kc6 60. Ra6+ Kb7 0-1

[Event "Interpolis-01"]
[Site "Tilburg"]
[Date "1977.10.02"]
[Round "8"]
[White "Timman, Jan H"]
[Black "Andersson, Ulf"]
[Result "1/2-1/2"]
[WhiteElo "2590"]
[BlackElo "2565"]
[Annotator "Ftacnik,L"]
[PlyCount "47"]
[EventDate "1977.09.23"]
[EventType "tourn"]
[EventRounds "11"]
[EventCountry "NED"]
[EventCategory "14"]
[SourceTitle "MCL"]
[Source "ChessBase"]
[SourceDate "1999.07.01"]
[SourceVersion "1"]
[SourceVersionDate "1999.07.01"]
[SourceQuality "1"]

1. d4 Nf6 2. c4 e6 3. Nc3 Bb4 4. Bg5 h6 5. Bh4 c5 6. d5 Bxc3+ 7. bxc3 d6 8. e3
e5 (8... Qe7 9. Nf3 Nbd7 10. Nd2 O-O 11. Be2 Ne5 12. Ne4 $1 g5 13. Nxf6+ Qxf6
14. Bg3 Nxc4 15. O-O $14 {Bareev,E-Chandler,M/Hastings/1991/}) (8... exd5 9.
cxd5 Nbd7 10. Bd3 Qa5 11. Ne2 Nxd5 12. O-O Nxc3 13. Nxc3 Qxc3 14. Rc1 Qa5 15.
Qg4 O-O 16. Qe4 $1 g6 17. Qf4 $44 {Neverov,V-Obukhov,A/Smolensk/1991/}) 9. f3 (
9. Bd3 e4 10. Bc2 Nbd7 11. Ne2 Qe7 12. Qb1 O-O 13. a4 Ne5 $5 14. Bxf6 (14. Bxe4
g5 (14... Nxc4 15. Bd3 Ne5 16. c4 $14) 15. Bg3 Nxe4 (15... Nxc4 16. Bd3 $14)
16. Qxe4 f5 17. Qb1 f4 18. exf4 Bf5 $1 (18... gxf4 {Bangiev-Dobosz/Worms SS/
1992/}) 19. Qa2 (19. Qd1 gxf4 20. Bxf4 Nd3+ 21. Kd2 Qe4 $13) 19... gxf4 20.
Bxf4 Nd3+ (20... Bd3 $5 21. Be3 Bxc4 22. Qd2 $13) 21. Kd2 Rae8 (21... Nxf4 22.
Nxf4 Qe4 23. g3 $14) 22. Rae1 $13) 14... Qxf6 15. Bxe4 Nxc4 16. Qa2 $6 (16. Bd3
Ne5 17. O-O $13) 16... Ne5 17. O-O b6 $1 $15 18. Rad1 $6 (18. c4 Ba6 19. Rac1
Qh4 20. Nf4 $5 (20. f3 f5 $17) (20. Ng3 Ng4 21. h3 Nxe3 $17) 20... g5 21. g3
Qg4 22. f3 Qd7 23. Ng2 f5 24. Bb1 Rae8 $15) 18... Qh4 $1 19. f3 $8 (19. Ng3 Ng4
$17) (19. Bb1 Ba6 $17) 19... Ba6 20. Rfe1 Bc4 21. Qb1 Rab8 22. Ng3 g6 23. Bc2
f5 24. Ne2 $2 (24. Qc1 a6 25. Qd2 b5 26. axb5 axb5 27. Rb1 Rb7 28. Rb2 Rfb8 29.
Reb1 $15) 24... Bxe2 25. Rxe2 Qc4 $17 26. Bd3 $6 (26. Qb5 $5 Qxc3 27. f4 Nf7 (
27... Nc4 $2 28. Rd3 Qa1+ 29. Rd1 Qc3 30. Rd3 $10) (27... Ng4 28. Qd7 $5) 28.
Qd7 a6 29. e4 $5) 26... Qxc3 27. Rc2 Qa3 28. Ra2 Qb4 29. Qxb4 cxb4 30. Ba6 Nd7
31. Rd4 $6 (31. Rb2 Nc5 32. Bb5 a5 33. Rd4) 31... Nc5 32. Bb5 a6 33. Bc6 b3 34.
Rb2 b5 35. axb5 $6 (35. a5 $5) 35... a5 $1 $17 {Bangiev-Sax/Germany/1993}) 9...
Nbd7 (9... g5 10. Bg3 e4 (10... Qe7 11. Bd3 Nbd7 12. Ne2 Rg8 13. Qc2 h5 14. h4
g4 15. Rb1 Kd8 16. a4 Kc7 $10 {Timman,J-Polugaevsky,L/Linares/1985/}) 11. h4 g4
(11... Rg8 $5 12. hxg5 hxg5 13. f4 Bg4 $13) 12. h5 $1 exf3 13. gxf3 Qe7 14. Bh4
Qe5 $5 $146 (14... Qxe3+ $6 15. Qe2 Qxe2+ 16. Nxe2 Nxh5 17. O-O-O $1 $16 {
P 17...gf3 18. e1!!+-; Bareev,E-Sax,G/Hastings/1990/}) 15. Qd2 Nxh5 (15... Na6
16. f4 Qe7 17. Bd3 $16) (15... gxf3 16. Nxf3 Qf5 (16... Qe4 17. Bxf6 Qxf3 18.
Bxh8 Qxh1 19. O-O-O $16) 17. Qe2 $1 {P 18. h3+/-/}) 16. O-O-O $16 gxf3 17. Nxf3
Qe4 18. Qf2 $1 (18. Be2 Bg4 19. Rdf1 (19. Rhf1 Bxf3 20. Bxf3 Qxh4 21. Rh1 Qe7
$13) 19... f5 $13) 18... Bg4 (18... Bf5 19. Bd3) 19. Be2 f5 20. Nd2 Qe5 $8 21.
Bxg4 Qxc3+ (21... fxg4 22. Rhf1 Qg7 23. Ne4 $18) 22. Kb1 Qd3+ 23. Kb2 fxg4 24.
Rhf1 Qg6 25. Ne4 $1 $18 Na6 26. Qf5 Qxf5 (26... Rg8 27. Qxh5 Qxh5 28. Nf6+ $18)
27. Rxf5 {1-0 Rogozenko,D-Sax,G/Odorheiu Secuiesc (01)/1993/} (27. Rxf5 Ng7 28.
Nxd6+ Kd7 29. Rf7+ Kxd6 30. Bg3#)) 10. Bd3 Qe7 11. Qc2 Kd8 (11... g5 12. Bg3 e4
13. Bxe4 Nxe4 14. Qxe4 Qxe4 15. fxe4 Ne5 16. Bxe5 dxe5 17. Kd2 $16) 12. Ne2 g5
13. Bg3 (13. Bf2 $5 Nb6 14. Ng3) 13... Kc7 14. h4 Rg8 (14... g4 $5 15. Kd2 Rg8
$13) 15. hxg5 hxg5 16. Rh6 Qf8 17. Rh2 Nb6 (17... g4 18. f4 $36) 18. a4 Bd7 19.
a5 Nc8 20. Kd2 Rh8 (20... Ne7 21. Rah1 $14) 21. Rah1 Rxh2 22. Rxh2 Ne7 23. Qb1
Re8 24. Bc2 $13 1/2-1/2

[Event "Hastings 9091"]
[Site "Hastings"]
[Date "1990.12.??"]
[Round "5"]
[White "Bareev, Evgeny"]
[Black "Chandler, Murray G"]
[Result "1-0"]
[WhiteElo "2590"]
[BlackElo "2560"]
[Annotator "Ftacnik,L"]
[PlyCount "69"]
[EventDate "1990.12.??"]
[EventType "tourn"]
[EventRounds "14"]
[EventCountry "ENG"]
[EventCategory "13"]
[SourceTitle "CBM 022"]
[Source "ChessBase"]
[SourceDate "1991.06.01"]
[SourceVersion "1"]
[SourceVersionDate "1991.06.01"]
[SourceQuality "1"]

1. d4 Nf6 2. c4 e6 3. Nc3 Bb4 4. Bg5 h6 5. Bh4 c5 6. d5 d6 7. e3 Bxc3+ 8. bxc3
Qe7 9. Nf3 Nbd7 10. Nd2 O-O (10... Ne5 $2 11. Bxf6 $1 gxf6 12. f4 Ng6 13. Kf2
f5 14. g3 Kd8 15. dxe6 fxe6 16. Bg2 $16 {Bareev,E-Kosten,A/Hastings/1990/
->CBM 22}) 11. Be2 Ne5 12. Bxf6 Qxf6 13. f4 Ng6 14. Ne4 Qe7 15. dxe6 f5 $1 16.
Ng3 (16. Nxd6 $2 Rd8 $19) 16... Bxe6 17. Qd3 Rad8 18. O-O Nh4 19. Rae1 d5 20.
Qc2 Kh8 21. Nh1 dxc4 22. g3 Bd5 $2 (22... Ng6 $15) 23. gxh4 Qxe3+ 24. Nf2 Qxf4
(24... Rf6 $2 25. Bh5 Qxf4 26. Ng4 $18) 25. Ng4 $1 Qd6 26. Rxf5 Qe6 27. Re5 $18
Qc6 28. Re3 Rd6 29. Ne5 $1 Qe8 30. h5 Kg8 31. Bg4 Rdf6 32. Qd2 Qd8 33. Ng6 Bf7
34. Qxd8 Rxd8 $138 35. Ne5 {Ftacnik,L} 1-0

[Event "URS-ch57"]
[Site "Leningrad"]
[Date "1990.??.??"]
[Round "?"]
[White "Bareev, Evgeny"]
[Black "Beliavsky, Alexander G"]
[Result "0-1"]
[WhiteElo "2590"]
[BlackElo "2605"]
[Annotator "Ftacnik,L"]
[PlyCount "78"]
[EventDate "1990.10.??"]
[EventType "tourn"]
[EventRounds "13"]
[EventCountry "URS"]
[EventCategory "14"]
[SourceTitle "URS-ch"]
[Source "ChessBase"]
[SourceDate "1999.07.01"]
[SourceVersion "1"]
[SourceVersionDate "1999.07.01"]
[SourceQuality "1"]

1. d4 Nf6 2. c4 e6 3. Nc3 Bb4 4. Bg5 c5 5. d5 Bxc3+ 6. bxc3 d6 7. e3 Qe7 8. Nf3
(8. Bd3 Nbd7 9. Ne2 exd5 10. cxd5 Qe5 11. Bxf6 Nxf6 12. e4 O-O 13. f3 Nh5 $1
14. O-O f5 15. f4 Qe8 $10 {Hort,V-Smagin,S/Berlin/1990/}) 8... e5 9. Nd2 h6 10.
Bh4 g5 11. Bg3 Bf5 $5 (11... Nbd7) 12. h4 Rg8 13. hxg5 hxg5 14. Qb3 Qc7 15. f3
Nbd7 16. e4 Bg6 17. Bf2 g4 (17... O-O-O 18. g4 Rh8 19. Rxh8 Rxh8 20. Be3 Nh7 {
/\ f6,Nhf8=}) 18. Qa4 a6 19. Rb1 O-O-O 20. Bh4 (20. Nb3 gxf3 (20... Nb8 $2 21.
Na5 b6 22. Nc6 Nxc6 23. dxc6 $1 (23. Qxa6+ $2 Qb7 24. Qxb7+ Kxb7 25. dxc6+ Kxc6
) 23... a5 24. Qb5 $16) 21. gxf3 (21. Na5) (21. Na5 $2 Nb6 22. Qb3 Bxe4 23.
Qxb6 Bxb1 $19) 21... Nxe4 $1 22. fxe4 Bxe4 23. Rb2 Bxh1 24. Na5 b6 25. Nc6 Nb8
26. Nxd8 Kxd8 $17) 20... Rde8 21. Rb2 Rh8 22. Nb3 Nb6 23. Qa5 Nfd7 24. Bd3 f5
$1 25. fxg4 (25. exf5 e4 $1 26. fxg6 (26. fxe4 Bxf5 27. Re2 Ne5 28. Nc1 Nxd3+
29. Nxd3 Bxe4 30. Nb2 Bxg2 $19) 26... exd3+ 27. Kd1 Nxc4 28. Qxc7+ Kxc7 29. Rf2
Ndb6 $19) 25... fxe4 26. Be2 e3 $1 27. Rh3 Be4 28. Bf1 Reg8 29. Be7 Rxh3 $1 30.
gxh3 Bf3 31. Nc1 Kb8 $1 (31... e4 32. Bh4 Ne5 33. Bg3) (31... Nxd5 32. Qxc7+
Nxc7 33. Bxd6) 32. Rh2 (32. Bh4 Nxd5 33. Qxc7+ Nxc7) (32. Qa3 e2 33. Bxe2 Bxe2
34. Nxe2 Nxc4 35. Qb3 Nxb2 36. Qxb2 Nb6 $19) 32... e4 33. Rb2 (33. h4 Ne5 34.
g5 e2 $1 $19) 33... Ka7 34. Bh4 Qc8 35. Bg3 Qf8 36. Qa3 Qf6 37. Qb3 Rf8 38. Qc2
Bxg4 39. Qg2 $2 (39. Be2 Bxe2 40. Qxe2 Qxc3+ 41. Kd1 Nxc4 42. Rc2 Qd4+ 43. Ke1
Qd2+ $3 44. Rxd2 exd2+ 45. Kd1 Rf1+ $3 46. Qxf1 Ne3+ 47. Kxd2 Nxf1+ 48. Ke1
Nxg3 $19) 39... Qxc3+ 0-1